Normal view
MARC view
Entry Topical Term
001 - CONTROL NUMBER
- control field: 6247
003 - CONTROL NUMBER IDENTIFIER
- control field: ARRUPE
005 - DATE AND TIME OF LATEST TRANSACTION
- control field: 20131220133637.0
008 - FIXED-LENGTH DATA ELEMENTS
- fixed length control field: 131220|| aca||aabn | a|a d
040 ## - CATALOGING SOURCE
- Original cataloging agency: ARRUPE
- Transcribing agency: ARRUPE
150 ## - HEADING--TOPICAL TERM
- Topical term or geographic name as entry element: Battle of Great Britain 1940
- Geographic subdivision: Britain.
670 ## - SOURCE DATA FOUND
- Source citation: Work cat.: (ARRUPE): Great Britain. War Office 6246, The Battle of Britain, 1941